Administración de compras y abastecimientos (Registro nro. 18802)

Detalles MARC
000 -Cabecera
Campo de control interno 01301nam a2200289Ia 4500
005 - Fecha y hora del registro
control field 20260417181657.0
008 - Elementos de Longitud Fija
fixed length control field 260306s9999||||xx |||||||||||||| ||und||
020 ## - ISBN
ISBN 9786071507587
041 ## - Idioma
Codigo Idioma ESP
082 ## - DEWEY y NOTACIÓN INTERNA
Dewey 658.72
Notación Interna J67
100 ## - AUTOR
Autor denominación Johnson, P. Fraser
Término de relación autor
245 #0 - TÍTULO DE MATERIAL BIBLIOGRÁFICO
Título Administración de compras y abastecimientos
250 ## - EDICIÓN
Edición Decimocuarta edición
260 ## - CIUDAD, EDITORIAL, AÑO
Ciudad México, D.F. :
Nombre de la Editorial McGraw-Hill/Interamericana Editores,
Año 2012
300 ## - DESCRIPCIÓN
N° Páginas xvii, 457 páginas :
Otros detalles cuadros, diagramas ;
Dimensiones 27 cm.
650 ## - TEMAS
Temas Tecnología (Ciencias Aplicadas)
653 ## - DESCRIPTORES
Lenguajes no controlado Administración de compras; Administración de costos, Estrategia de suministro
654 ## - PROGRAMAS
Programa Dpto. de Administración de Negocios
700 ## - OTROS AUTORES
Otros autores Leenders, Michiel R.
Termino Relacionado autor
700 ## - OTROS AUTORES
Otros autores Flynn, Anna E.
Termino Relacionado autor
856 ## - URL - UBICACIÓN
URI/URL: Enlace exacto del recurso <a href="https://itmsp.museknowledge.com/UCSP?url=https://www.ebooks7-24.com:443/?il=286&pg=1">https://itmsp.museknowledge.com/UCSP?url=https://www.ebooks7-24.com:443/?il=286&pg=1</a>
Nota pública: Versión digital <a href="Versión digital">Versión digital</a>
856 ## - URL - UBICACIÓN
URI/URL: Enlace exacto del recurso <a href="https://0u213wxfr-y-https-ebooks7--24-com.itmsp.museknowledge.com/biblioteca.aspx">https://0u213wxfr-y-https-ebooks7--24-com.itmsp.museknowledge.com/biblioteca.aspx</a>
Nota pública: Versión digital <a href="Véase además: Base de datos Ebook7-24">Véase además: Base de datos Ebook7-24</a>
856 ## - URL - UBICACIÓN
URI/URL: Enlace exacto del recurso <a href="https://0u20ywxfu-y-https-www-bibliotechnia-com-mx.itmsp.museknowledge.com/">https://0u20ywxfu-y-https-www-bibliotechnia-com-mx.itmsp.museknowledge.com/</a>
Nota pública: Versión digital <a href="Véase además: Base de datos BiblioTechnia">Véase además: Base de datos BiblioTechnia</a>
856 ## - URL - UBICACIÓN
URI/URL: Enlace exacto del recurso <a href="https://0u20fwxfw-y-https-research-ebsco-com.itmsp.museknowledge.com/c/qxo6us/search">https://0u20fwxfw-y-https-research-ebsco-com.itmsp.museknowledge.com/c/qxo6us/search</a>
Nota pública: Versión digital <a href="Véase además: Base de datos EBSCOhost">Véase además: Base de datos EBSCOhost</a>
942 ## - ELEMENTOS DE KOHA
Tipo de documento Libro
Nombre del creador Justo Noguera
Código de catalogador Margarita Torres
Esquema de clasificación Dewey Decimal Classification
Existencias
Codigo completo Registro Colección Copia número Disponibilidad Tipo de préstamo Biblioteca Actual Procedencia (Biblioteca) Ubicacón Fecha Ingreso Tipo de Adquisición Observación Date last seen Total checkouts Price effective from Tipo de Item Estado del Material Fuente de Clasificación Damaged status Withdrawn status
658.72 J67 1013966 Universidad Católica San Pablo 1 Disponible Disponible Víctor Andrés Belaunde Víctor Andrés Belaunde Primer piso 03/06/2026 Compra Programa Industrial 06/03/2026   06/03/2026 Libro Bueno Dewey Decimal Classification    
658.72 J67 1041541 Universidad Católica San Pablo 2 Disponible Disponible Víctor Andrés Belaunde Víctor Andrés Belaunde Primer piso 03/06/2026 Compra   06/03/2026   06/03/2026 Libro Bueno Dewey Decimal Classification